| 000 | 01236nam a2200313 c 4500 | ||
|---|---|---|---|
| 003 | BLK | ||
| 005 | 20210928152912.0 | ||
| 008 | 180408b bul|||||r ||||||| ||bul|| | ||
| 010 | _aKNG00074728000 | ||
| 020 |
_a954-9621-32-4 _bиздат.: АТЛАНТИС-КЛ |
||
| 040 | _aBLK | ||
| 041 |
_aBUL _cBUL |
||
| 080 |
_a?Швейцарска литература _b830(494) _x-312.4 _z830(494)-312.4 |
||
| 100 | 1 |
_aЗутер, Мартин _eпърви автор _970339 |
|
| 700 | 1 |
_aИлиев, Любомир _eпрев. от нем. _9368762 |
|
| 139 |
_aЗутер, Мартин _bЗ 96 |
||
| 245 | 1 | 0 |
_aПерфектен приятел _cМартин Зутер; прев. от нем. Любомир Илиев. |
| 257 | _aSWI | ||
| 260 |
_аСофия _bАТЛАНТИС-КЛ _c2005 |
||
| 300 |
_a224 с. _c20 см |
||
| 380 | _aX | ||
| 490 | 1 | _aВълшебната планина : Съвременна проза от Германия, Австрия и Швейцария | |
| 500 | _aОриг. загл. Ein perfekter Freund / Martin Suter | ||
| 852 | _aЦб 233703 | ||
| 856 | 4 |
_qpdf _u |
|
| 856 | 4 |
_qpdf _u |
|
| 942 |
_cKNG _n0 _01 |
||
| 944 |
_aCR _c07.05.2007 _kГеновева_Генчева |
||
| 944 |
_aED _c04.06.2016 _kПенка_Димитрова |
||
| 999 |
_c70370 _d70370 |
||